Southville International School and Colleges
Your cart is empty.
  • Cart
  • Lists
    Public lists Eva Luna New books Lux_list list_1
    Your lists Log in to create your own lists
  • Log in to your account
  • Your cookies
  • Search history
Southville International School and Colleges
  • Advanced search
  • Recent comments
  • Most popular
  • Libraries

Log in to your account

Log in with GOOGLE


If you do not have an external account, but do have a local account, you can still log in:

  1. Home
  2. MARC view: Egg dishes bakes & gratins /
Normal view MARC view ISBD view

Egg dishes bakes & gratins / (Record no. 10166)

[ view plain ]
MARC details
000 -LEADER
fixed length control field 00557nam a22001817a 4500
003 - CONTROL NUMBER IDENTIFIER
control field OSt
005 - DATE AND TIME OF LATEST TRANSACTION
control field 20140310182159.0
008 - FIXED-LENGTH DATA ELEMENTS--GENERAL INFORMATION
fixed length control field 130902t xxu||||| |||| 00| 0 eng d
020 ## - INTERNATIONAL STANDARD BOOK NUMBER
International Standard Book Number 978185627775148
050 ## - LIBRARY OF CONGRESS CALL NUMBER
Classification number TX 771
Item number .M894 1995
082 ## - DEWEY DECIMAL CLASSIFICATION NUMBER
Classification number HS 641.6754
Item number M85 1995
100 ## - MAIN ENTRY--PERSONAL NAME
Personal name Mosaik Verlag, Munich
9 (RLIN) 16140
245 ## - TITLE STATEMENT
Title Egg dishes bakes & gratins /
Remainder of title a feast of good cooking
Statement of responsibility, etc Munich Mosaik Verlag.
260 ## - PUBLICATION, DISTRIBUTION, ETC. (IMPRINT)
Place of publication, distribution, etc London :
Name of publisher, distributor, etc CLB Publishing, 1
Date of publication, distribution, etc 995.
300 ## - PHYSICAL DESCRIPTION
Extent 124 p.:
Other physical details ill. ;
Dimensions 28 cm.
650 ## - SUBJECT ADDED ENTRY--TOPICAL TERM
Topical term or geographic name as entry element Cookbook
General subdivision Bakes
9 (RLIN) 16141
942 ## - ADDED ENTRY ELEMENTS (KOHA)
Source of classification or shelving scheme Library of Congress Classification
Koha item type
Holdings
Withdrawn status Lost status Source of classification or shelving scheme Damaged status Home library Current library Shelving location Date acquired Total Checkouts Full call number Barcode Date last seen Date checked out Price effective from Koha item type
    Library of Congress Classification   Luxembourg Library Luxembourg Library High School Section 09/02/2013 4 TX 771 .M894 1995 5105 04/11/2024 10/10/2023 09/02/2013 Books

Egg dishes bakes & gratins /

APA

Mosaik Verlag M., . (995). Egg dishes bakes & gratins. London: CLB Publishing, 1.

Chicago

Mosaik Verlag Munich, . 995. Egg dishes bakes & gratins. London: CLB Publishing, 1.

Harvard

Mosaik Verlag M., . (995). Egg dishes bakes & gratins. London: CLB Publishing, 1.

MLA

Mosaik Verlag Munich, . Egg dishes bakes & gratins. London: CLB Publishing, 1. 995.

  • Place hold
  • Print
  • Cite
  • Add to your cart (remove)
  • Save record
    BIBTEX Dublin Core MARCXML MARC (non-Unicode/MARC-8) MARC (Unicode/UTF-8) MARC (Unicode/UTF-8, Standard) MODS (XML) RIS
  • More searches
    Search for this title in:
    Other Libraries (WorldCat) Other Databases (Google Scholar) Online Stores (Bookfinder.com) Open Library (openlibrary.org)

Exporting to Dublin Core...

SOUTHVILLE LIBRARY

Southville International School and Colleges Library

1281 Tropical Ave. Cor. Luxembourg St., BF Homes International, Las Pinas City

Tel. No. 8256374 / 252358 Loc. 117/146

Powered by Koha